000
00332nam a22001097a 4500
040
_c
HS
082
_a
658
100
_a
ង៉ោ ប៊ុនថាន
245
_a
ការគ្រប់គ្រងគំរោងអភីវឌ្ឍន៍ project management
260
_a
RUA
_b
ង៉ោ ប៊ុនថាន
_c
2007
942
_c
KB
999
_c
8694
_d
8694